Anerkannte, nicht anerkannte Länder, und Territorien - Hauptstädte - Statistiken

Allgemein
  • Dieses Quiz wurde 59 mal gespielt
  • Das Durchschnittsergebnis liegt bei 139 aus 251
Antworten auf der Karte
Die Antworten werden auf der Karte rot bzw. grün angezeigt, abhängig davon wie oft sie richtig erraten wurden.
 
Antwortstatistiken
Stadt % Korrekt
Mexiko-Stadt
90%
Washington D. C.
90%
Ottawa
87%
Brasilia
83%
Kopenhagen
83%
Berlin
80%
Bern
80%
Bogota
80%
Bukarest
80%
Dublin
80%
Havanna
80%
Helsinki
80%
Kiew
80%
Lissabon
80%
London
80%
Madrid
80%
Monaco
80%
Moskau
80%
Nassau
80%
Oslo
80%
Paris
80%
Rom
80%
Stockholm
80%
Wien
80%
Algier
77%
Amsterdam
77%
Ankara
77%
Athen
77%
Belgrad
77%
Brüssel
77%
Budapest
77%
Buenos Aires
77%
Canberra
77%
Caracas
77%
Malé
77%
Montevideo
77%
Neu Delhi
77%
Nikosia
77%
Panama-Stadt
77%
Peking
77%
Reykjavik
77%
San Marino
77%
Sofia
77%
Teheran
77%
Tokio
77%
Valletta
77%
Vatikanstadt
77%
Warschau
77%
Zagreb
77%
Asuncion
73%
Bagdad
73%
Bangkok
73%
Bratislava
73%
Chisinau
73%
Guatemala-Stadt
73%
Kairo
73%
Kingston
73%
La Paz oder Sucre
73%
Lima
73%
Ljubljana
73%
Luxemburg
73%
Minsk
73%
Podgorica
73%
Port-au-Prince
73%
Pristina
73%
Quito
73%
Riga
73%
San Salvador
73%
Santiago de Chile
73%
Santo Domingo
73%
Seoul
73%
Tallinn
73%
Tirana
73%
Vaduz
73%
Vilnius
73%
Wellington
73%
Abu Dhabi
70%
Andorra la Vella
70%
Baku
70%
George Town
70%
Georgetown
70%
Hanoi
70%
Islamabad
70%
Jerewan
70%
Jerusalem
70%
Kabul
70%
Kapstadt, Pretoria oder Bloemfontein
70%
Luanda
70%
Managua
70%
Pjöngjang
70%
Prag
70%
Rabat
70%
Riad
70%
San Jose
70%
Sarajevo
70%
Skopje
70%
Sri Jayewardenepura Kotte oder Colombo
70%
Taipeh
70%
Tiflis
70%
Tunis
70%
Ulaanbaatar
70%
Astana
67%
Belmopan
67%
Dakar
67%
Dhaka
67%
Dili
67%
Georgetown
67%
Jakarta
67%
Kathmandu
67%
Kuala Lumpur
67%
Manila
67%
Paramaribo
67%
Port Moresby
67%
Port of Spain
67%
Tegucigalpa
67%
Addis Abeba
63%
Amman
63%
Antananarivo
63%
Beirut
63%
Damaskus
63%
Dodoma
63%
Doha
63%
Duschanbe
63%
Maskat
63%
Mogadischu
63%
Nairobi
63%
Praia
63%
Singapur
63%
Tripolis
63%
Abuja
60%
Asgabat
60%
Bamako
60%
Bandar Seri Begawan
60%
Bangui
60%
Basse-Terre
60%
Basseterre
60%
Bischkek
60%
Brazzaville
60%
Bridgetown
60%
Kuwait-Stadt
60%
Lomé
60%
Phnom Penh
60%
Sanaa
60%
Thimphu
60%
Vientiane
60%
Windhoek
60%
Accra
57%
Castries
57%
Juba
57%
Kinshasa
57%
Lusaka
57%
Manama
57%
Moroni
57%
Nuuk
57%
Port Louis
57%
Suva
57%
Victoria
57%
Gaborone
53%
Kampala
53%
Kigali
53%
Maputo
53%
Niamey
53%
Ouagadougou
53%
Roseau
53%
São Tomé
53%
Yaounde
53%
Apia
50%
Asmara
50%
Dschibuti
50%
Freetown
50%
Funafuti
50%
Harare
50%
Honiara
50%
Libreville
50%
Macau
50%
Monrovia
50%
Porto Novo
50%
South Tarawa
50%
St. Johns
50%
Yamoussoukro
50%
Yaren
50%
Banjul
47%
Conakry
47%
Gitega
47%
Hongkong
47%
Kingstown
47%
Lilongwe
47%
Majuro
47%
Ngerulmud
47%
Port Vila
47%
Bissau
43%
Malabo
43%
Palikir
43%
Tashkent
43%
Gibraltar
40%
Maseru
40%
Saint-Pierre
40%
Karthum
37%
Naypidaw
37%
Cayenne
33%
Oranjestad
33%
Ost-Jerusalem oder Ramallah
33%
San Juan
30%
Willemstad
27%
Douglas
23%
Hamilton
23%
Jamestown
23%
Nordnikosia
23%
Mbabane oder Lobamba
20%
Nuku´alofa
20%
Cockburn Town
17%
Fort-de-France
17%
N´djamena
17%
Saipan (Capitol Hill)
17%
Tórshavn
17%
Charlotte Amalie
13%
Edinburgh of the Seven Seas
13%
Nuakschott
13%
Road Town
13%
The Bottom
13%
The Valley
13%
Tiraspol
13%
West Island
13%
El Aaiún
10%
Flying Fish Cove
10%
Noumea
10%
Pago Pago
10%
Papeete
10%
Phillipsburg
10%
Plymouth oder Brades
10%
Saint Helier
10%
Stanley
10%
Adamstown
7%
Alofi
7%
Avarua
7%
Fakaofo, Atafu oder Nukunonu
7%
Hagåtña
7%
Kralendijk
7%
Longyearbyen
7%
Marigot
7%
Mata-Utu
7%
Saint Denis
7%
Saint Peter Port
7%
Gustavia
3%
Hargeysa
3%
Mamoudzou
3%
Sochumi
3%
St. Geroge´s
3%
Zchinwali
3%
Keine übereinstimmenden Quizze gefunden
Verteilung der Resultate
Anzahl Personen mit jedem Resultat
Perzentil nach korrekt beantworteten Fragen
Ihre Resultats-Entwicklung
Sie haben dieses Quiz noch nicht gespielt